[Event "Mercosur Cup 20th"]
[Site "Buenos Aires"]
[Date "2016.08.06"]
[Round "1"]
[White "Santiago, Yago de Moura"]
[Black "Rodriguez Vila, Andres"]
[Result "1/2-1/2"]
[WhiteElo "2427"]
[BlackElo "2498"]
[PlyCount "41"]
[EventDate "2016.08.06"]
[EventType "tourn"]
[EventRounds "9"]
[EventCountry "ARG"]
[EventCategory "10"]
[SourceTitle "CBM 173 Extra"]
[Source "ChessBase"]
[SourceDate "2016.08.29"]
[SourceVersion "1"]
[SourceVersionDate "2016.08.29"]
[SourceQuality "1"]

1. d4 e6 2. Nf3 c5 3. c4 d5 4. cxd5 exd5 5. Nc3 Nc6 6. g3 Nf6 7. Bg2 Be6 8. O-O
h6 9. Be3 c4 10. Ne5 Qa5 11. Nxc6 bxc6 12. Qc2 Be7 13. b3 Qa6 14. Na4 cxb3 15.
axb3 Qb5 16. Rfc1 O-O 17. Qxc6 Qxe2 18. Nb6 Rab8 19. Rxa7 Bd8 20. Nxd5 Bxd5 21.
Bxd5 1/2-1/2

[Event "Mercosur Cup 20th"]
[Site "Buenos Aires"]
[Date "2016.08.07"]
[Round "2"]
[White "Perez Ponsa, Federico"]
[Black "Rodriguez Vila, Andres"]
[Result "1-0"]
[WhiteElo "2577"]
[BlackElo "2498"]
[PlyCount "87"]
[EventDate "2016.08.06"]
[EventType "tourn"]
[EventRounds "9"]
[EventCountry "ARG"]
[EventCategory "10"]
[SourceTitle "CBM 173 Extra"]
[Source "ChessBase"]
[SourceDate "2016.08.29"]
[SourceVersion "1"]
[SourceVersionDate "2016.08.29"]
[SourceQuality "1"]

1. e4 e6 2. d4 d5 3. Nc3 Bb4 4. e5 Ne7 5. a3 Bxc3+ 6. bxc3 c5 7. Qg4 Qc7 8. Bd3
Kf8 9. Qd1 b6 10. Nf3 Ba6 11. O-O Bxd3 12. cxd3 Nd7 13. a4 h6 14. Ba3 g6 15.
Rc1 Kg7 16. c4 Rhd8 17. dxc5 Nxc5 18. d4 dxc4 19. Qe2 Nb7 20. Rxc4 Qd7 21. Bxe7
Qxe7 22. Rfc1 Na5 23. R4c3 Qb7 24. Qc2 Rd7 25. Qd2 Qe4 26. Re1 Qf5 27. h3 g5
28. h4 g4 29. Nh2 Kh7 30. f3 gxf3 31. Rxf3 Qh5 32. Re4 Rg8 33. Qf4 Nc6 34. Ng4
Rxg4 35. Qxg4 Qxg4 36. Rxg4 Nxd4 37. Rf2 Nf5 38. h5 Rd1+ 39. Kh2 Re1 40. Rgf4
Rxe5 41. g4 Nd6 42. Rd4 Rd5 43. Rxd5 exd5 44. Rf6 1-0

[Event "Mercosur Cup 20th"]
[Site "Buenos Aires"]
[Date "2016.08.07"]
[Round "3"]
[White "Rodriguez Vila, Andres"]
[Black "Krysa, Leandro Sergio"]
[Result "1/2-1/2"]
[WhiteElo "2498"]
[BlackElo "2507"]
[PlyCount "150"]
[EventDate "2016.08.06"]
[EventType "tourn"]
[EventRounds "9"]
[EventCountry "ARG"]
[EventCategory "10"]
[SourceTitle "CBM 173 Extra"]
[Source "ChessBase"]
[SourceDate "2016.08.29"]
[SourceVersion "1"]
[SourceVersionDate "2016.08.29"]
[SourceQuality "1"]

1. e4 e5 2. Nf3 Nc6 3. Bc4 Bc5 4. c3 Nf6 5. d3 d6 6. O-O O-O 7. h3 Ne7 8. d4
Bb6 9. dxe5 Nxe4 10. Nbd2 Ng3 11. Re1 Ng6 12. exd6 Qxd6 13. Qb3 Bxh3 14. Ng5
Bxf2+ 15. Kxf2 Qc5+ 16. Re3 Nh1+ 17. Kf1 Bxg2+ 18. Kxg2 Qxg5+ 19. Kxh1 Qxe3 20.
Qxb7 Rad8 21. Qg2 Rfe8 22. Nf1 Qe1 23. Kg1 Qh4 24. Bb3 Nf4 25. Bxf4 Qxf4 26.
Qg3 Qxg3+ 27. Nxg3 g6 28. Rf1 Re7 29. Rf2 Kg7 30. Bc2 f5 31. Bxf5 Re1+ 32. Kh2
gxf5 33. Nxf5+ Kg6 34. Nh4+ Kh5 35. Ng2 Red1 36. Rf5+ Kh6 37. Nf4 R8d2+ 38. Kg3
Rxb2 39. Rh5+ Kg7 40. Ra5 Rc2 41. Rc5 Rxa2 42. Rxc7+ Kf6 43. Rxh7 a5 44. Ra7
Rc1 45. Rc7 a4 46. Rc6+ Ke7 47. Nd5+ Kd7 48. Ra6 a3 49. Kf4 Rg1 50. Nb4 Raa1
51. Ke3 Rg3+ 52. Kd4 Rg2 53. Ra7+ Ke8 54. Ra8+ Kd7 55. Ra7+ Kc8 56. c4 a2 57.
Kc5 Rb2 58. Ra8+ Kb7 59. Ra4 Kc8 60. Ra8+ Kd7 61. Nd3 Rb7 62. Ra6 Rc7+ 63. Kd4
Ke8 64. Kc3 Rd7 65. Nb4 Rc1+ 66. Nc2 Rg7 67. Rxa2 Rg2 68. Kd3 Kd7 69. Ra7+ Kd6
70. Ra6+ Ke5 71. Ra5+ Kd6 72. Ra6+ Kd7 73. Ne3 Rg3 74. Kd4 Rxe3 75. Kxe3 Rxc4
1/2-1/2

[Event "Mercosur Cup 20th"]
[Site "Buenos Aires"]
[Date "2016.08.08"]
[Round "4"]
[White "Valerga, Diego"]
[Black "Rodriguez Vila, Andres"]
[Result "1/2-1/2"]
[WhiteElo "2458"]
[BlackElo "2498"]
[PlyCount "27"]
[EventDate "2016.08.06"]
[EventType "tourn"]
[EventRounds "9"]
[EventCountry "ARG"]
[EventCategory "10"]
[SourceTitle "CBM 173 Extra"]
[Source "ChessBase"]
[SourceDate "2016.08.29"]
[SourceVersion "1"]
[SourceVersionDate "2016.08.29"]
[SourceQuality "1"]

1. e4 e5 2. Nf3 Nf6 3. Nxe5 d6 4. Nf3 Nxe4 5. Qe2 Qe7 6. d3 Nf6 7. Bg5 Qxe2+ 8.
Bxe2 Be7 9. Nc3 Nc6 10. O-O-O Be6 11. Ne4 Nxe4 12. dxe4 Bxg5+ 13. Nxg5 Bd7 14.
Rhe1 1/2-1/2

[Event "Mercosur Cup 20th"]
[Site "Buenos Aires"]
[Date "2016.08.09"]
[Round "5"]
[White "Rodriguez Vila, Andres"]
[Black "Quintiliano Pinto, Renato Rodrigues"]
[Result "1/2-1/2"]
[WhiteElo "2498"]
[BlackElo "2443"]
[PlyCount "104"]
[EventDate "2016.08.06"]
[EventType "tourn"]
[EventRounds "9"]
[EventCountry "ARG"]
[EventCategory "10"]
[SourceTitle "CBM 173 Extra"]
[Source "ChessBase"]
[SourceDate "2016.08.29"]
[SourceVersion "1"]
[SourceVersionDate "2016.08.29"]
[SourceQuality "1"]

1. e4 c5 2. Nf3 d6 3. c3 Nf6 4. h3 Nc6 5. Bd3 d5 6. exd5 Qxd5 7. Qe2 e6 8. Bc4
Qe4 9. Qxe4 Nxe4 10. O-O Be7 11. d4 cxd4 12. cxd4 a6 13. Nc3 Nxc3 14. bxc3 O-O
15. a4 Na5 16. Ba2 Bd7 17. Ne5 Rfd8 18. Be3 Nc6 19. Nxd7 Rxd7 20. f4 g6 21. g4
Re8 22. f5 exf5 23. gxf5 Bh4 24. Rf3 gxf5 25. Kh1 Ne7 26. Rg1+ Ng6 27. Bh6 Re2
28. Bc4 Rc2 29. Rgf1 Rc7 30. Re3 Be7 31. Rg1 f4 32. Re4 Rxc4 33. Rxe7 Rc8 34.
Rxb7 R2xc3 35. Kh2 R3c4 36. Rd7 Rxa4 37. Bxf4 Ra2+ 38. Kh1 Rc3 39. Bg3 h5 40.
h4 Rd3 41. d5 Rad2 42. d6 Rd1 43. Rd8+ Kg7 44. Be5+ f6 45. Rd7+ Kh6 46. Bxf6
Rh3+ 47. Kg2 Nf4+ 48. Kf2 Nd3+ 49. Kg2 Nf4+ 50. Kf2 Nd3+ 51. Kg2 Nf4+ 52. Kf2
Nd3+ 1/2-1/2

[Event "Mercosur Cup 20th"]
[Site "Buenos Aires"]
[Date "2016.08.10"]
[Round "6"]
[White "Iermito, Sebastian"]
[Black "Rodriguez Vila, Andres"]
[Result "1-0"]
[WhiteElo "2492"]
[BlackElo "2498"]
[PlyCount "89"]
[EventDate "2016.08.06"]
[EventType "tourn"]
[EventRounds "9"]
[EventCountry "ARG"]
[EventCategory "10"]
[SourceTitle "CBM 173 Extra"]
[Source "ChessBase"]
[SourceDate "2016.08.29"]
[SourceVersion "1"]
[SourceVersionDate "2016.08.29"]
[SourceQuality "1"]

1. d4 d6 2. e4 Nf6 3. Nc3 e5 4. Nf3 exd4 5. Nxd4 Be7 6. g3 Bg4 7. f3 Bd7 8. Be3
O-O 9. Qd2 Nc6 10. O-O-O Ne5 11. Be2 c5 12. Nf5 Bxf5 13. exf5 Rb8 14. g4 b5 15.
g5 b4 16. Nb5 Qa5 17. gxf6 Bxf6 18. Kb1 Rxb5 19. Bxb5 Qxb5 20. Qxd6 Nxf3 21.
Qxc5 Qe2 22. Bc1 a5 23. Rd3 Qg2 24. Rhd1 Ne5 25. Rd5 Qxh2 26. Qxa5 h5 27. Qxb4
Qg2 28. Qd2 Qg4 29. Qf4 Qe2 30. Qe3 Qg4 31. Qf4 Qe2 32. Qf1 Qg4 33. R5d4 Qf3
34. Qxf3 Nxf3 35. R4d3 Nh4 36. Rf1 Re8 37. b3 Re2 38. a4 Kh7 39. a5 Re5 40. Bb2
Rxa5 41. Bxf6 gxf6 42. Rh3 Nxf5 43. Rxh5+ Kg6 44. b4 Rb5 45. Rhxf5 1-0

[Event "Mercosur Cup 20th"]
[Site "Buenos Aires"]
[Date "2016.08.10"]
[Round "7"]
[White "Rodriguez Vila, Andres"]
[Black "Slipak, Sergio"]
[Result "1/2-1/2"]
[WhiteElo "2498"]
[BlackElo "2456"]
[PlyCount "20"]
[EventDate "2016.08.06"]
[EventType "tourn"]
[EventRounds "9"]
[EventCountry "ARG"]
[EventCategory "10"]
[SourceTitle "CBM 173 Extra"]
[Source "ChessBase"]
[SourceDate "2016.08.29"]
[SourceVersion "1"]
[SourceVersionDate "2016.08.29"]
[SourceQuality "1"]

1. e4 e5 2. Nf3 Nc6 3. Nc3 Nf6 4. Bb5 Bb4 5. O-O O-O 6. d3 Bxc3 7. bxc3 d6 8.
Bxc6 bxc6 9. h3 h6 10. Re1 Re8 1/2-1/2

[Event "Mercosur Cup 20th"]
[Site "Buenos Aires"]
[Date "2016.08.11"]
[Round "8"]
[White "Pichot, Alan"]
[Black "Rodriguez Vila, Andres"]
[Result "1-0"]
[WhiteElo "2550"]
[BlackElo "2498"]
[PlyCount "75"]
[EventDate "2016.08.06"]
[EventType "tourn"]
[EventRounds "9"]
[EventCountry "ARG"]
[EventCategory "10"]
[SourceTitle "CBM 173 Extra"]
[Source "ChessBase"]
[SourceDate "2016.08.29"]
[SourceVersion "1"]
[SourceVersionDate "2016.08.29"]
[SourceQuality "1"]

1. e4 e6 2. d4 d5 3. Nc3 Bb4 4. e5 Ne7 5. a3 Bxc3+ 6. bxc3 c5 7. Qg4 Qc7 8.
Qxg7 Rg8 9. Qxh7 cxd4 10. Kd1 dxc3 11. Nf3 Nd7 12. Ng5 Nxe5 13. f4 Rxg5 14.
fxg5 N7g6 15. Qg8+ Ke7 16. a4 Qb6 17. Bb5 Kd6 18. Ke2 a6 19. Bd3 Qd4 20. h3
Nxd3 21. cxd3 Ne5 22. Qh7 Nc6 23. Qxf7 Bd7 24. g6 Ne5 25. Qf4 Qxd3+ 26. Kf2
Qc2+ 27. Kg1 Qf5 28. Qxf5 exf5 29. Bf4 d4 30. Re1 Kd5 31. Rxe5+ Kc4 32. h4 Bxa4
33. h5 d3 34. h6 d2 35. Kf2 Be8 36. Rxe8 Rxe8 37. h7 Kd3 38. h8=Q 1-0

[Event "Mercosur Cup 20th"]
[Site "Buenos Aires"]
[Date "2016.08.12"]
[Round "9"]
[White "Rodriguez Vila, Andres"]
[Black "Salinas Herrera, Pablo Patricio"]
[Result "1/2-1/2"]
[WhiteElo "2498"]
[BlackElo "2445"]
[PlyCount "104"]
[EventDate "2016.08.06"]
[EventType "tourn"]
[EventRounds "9"]
[EventCountry "ARG"]
[EventCategory "10"]
[SourceTitle "CBM 173 Extra"]
[Source "ChessBase"]
[SourceDate "2016.08.29"]
[SourceVersion "1"]
[SourceVersionDate "2016.08.29"]
[SourceQuality "1"]

1. e4 c5 2. Nc3 a6 3. g3 b5 4. Bg2 Bb7 5. Nf3 e6 6. d4 cxd4 7. Nxd4 Nf6 8. O-O
d6 9. Re1 Qc7 10. a4 bxa4 11. Bg5 Be7 12. Bxf6 Bxf6 13. Ndb5 axb5 14. Nxb5 Qc6
15. Nxd6+ Ke7 16. Nxb7 e5 17. Qd5 Ra7 18. Nc5 Rc8 19. b4 Rd8 20. Qa2 Nd7 21.
Nd3 Nb6 22. f4 Qc3 23. Kh1 Rc7 24. Re2 Kf8 25. Rf1 exf4 26. e5 Bg5 27. gxf4 Be7
28. f5 Rc4 29. h3 Rh4 30. Rf3 Qc4 31. Qa1 Bxb4 32. f6 g5 33. e6 fxe6 34. f7 Qd4
35. Qc1 Be7 36. Rxe6 Nc8 37. Rxe7 Nxe7 38. Qxg5 h6 39. Qg3 Re4 40. Rf1 Re6 41.
Rf4 Qa1+ 42. Kh2 Rg6 43. Qf3 a3 44. Nc5 Qd1 45. Qc3 Rxg2+ 46. Kxg2 Rd2+ 47. Rf2
Rxf2+ 48. Kxf2 a2 49. Qh8+ Kxf7 50. Qh7+ Ke8 51. Qh8+ Kf7 52. Qh7+ Ke8 1/2-1/2

[Event "Porto San Giorgio op 27th"]
[Site "Porto San Giorgio"]
[Date "2016.08.20"]
[Round "1"]
[White "Lantini, Marco"]
[Black "Rodriguez Vila, Andres"]
[Result "0-1"]
[WhiteElo "2123"]
[BlackElo "2498"]
[PlyCount "50"]
[EventDate "2016.08.20"]
[EventType "swiss"]
[EventRounds "9"]
[EventCountry "ITA"]
[SourceTitle "CBM 174 Extra"]
[Source "ChessBase"]
[SourceDate "2016.10.10"]
[SourceVersion "1"]
[SourceVersionDate "2016.10.10"]
[SourceQuality "1"]

1. d4 Nf6 2. c4 g6 3. g3 Bg7 4. Bg2 O-O 5. Nc3 d6 6. Nf3 Nbd7 7. O-O e5 8. e4
exd4 9. Nxd4 Re8 10. Re1 c6 11. h3 Qb6 12. Nb3 a5 13. Qxd6 Ne5 14. Na4 Qa6 15.
c5 Bxh3 16. Bg5 Bxg2 17. Kxg2 Nd3 18. Bxf6 Nxe1+ 19. Rxe1 Re6 20. Bxg7 Rxd6 21.
cxd6 Kxg7 22. Nbc5 Qb5 23. e5 b6 24. Nd7 Qxa4 25. Nxb6 Qb4 0-1

[Event "Porto San Giorgio op 27th"]
[Site "Porto San Giorgio"]
[Date "2016.08.21"]
[Round "2"]
[White "Rodriguez Vila, Andres"]
[Black "Larrea, Manuel"]
[Result "1-0"]
[WhiteElo "2498"]
[BlackElo "2279"]
[PlyCount "69"]
[EventDate "2016.08.20"]
[EventType "swiss"]
[EventRounds "9"]
[EventCountry "ITA"]
[SourceTitle "CBM 174 Extra"]
[Source "ChessBase"]
[SourceDate "2016.10.10"]
[SourceVersion "1"]
[SourceVersionDate "2016.10.10"]
[SourceQuality "1"]

1. f4 Nf6 2. Nf3 g6 3. g3 Bg7 4. Bg2 O-O 5. O-O c5 6. d3 Nc6 7. e4 d6 8. Nc3
Rb8 9. a4 a6 10. h3 b5 11. axb5 axb5 12. Be3 b4 13. Na4 Bb7 14. Qd2 Ra8 15. e5
Nd5 16. Bf2 Nb6 17. Nxb6 Qxb6 18. Rxa8 Rxa8 19. exd6 exd6 20. f5 Bxb2 21. Ng5
Ra1 22. Rxa1 Bxa1 23. Qf4 Ne5 24. Qh4 h5 25. fxg6 fxg6 26. Ne6 Bc8 27. Qe7 Bxe6
28. Qxe6+ Kf8 29. Qf6+ Ke8 30. Be4 Kd7 31. Bxg6 b3 32. Bf5+ Kc7 33. Qg7+ Kd8
34. Qf8+ Kc7 35. Qc8# 1-0

[Event "Porto San Giorgio op 27th"]
[Site "Porto San Giorgio"]
[Date "2016.08.22"]
[Round "3"]
[White "Bruno, Fabio"]
[Black "Rodriguez Vila, Andres"]
[Result "0-1"]
[WhiteElo "2426"]
[BlackElo "2498"]
[PlyCount "188"]
[EventDate "2016.08.20"]
[EventType "swiss"]
[EventRounds "9"]
[EventCountry "ITA"]
[SourceTitle "CBM 174 Extra"]
[Source "ChessBase"]
[SourceDate "2016.10.10"]
[SourceVersion "1"]
[SourceVersionDate "2016.10.10"]
[SourceQuality "1"]

1. Nf3 d6 2. d4 g6 3. c4 Bg7 4. Nc3 Bg4 5. g3 Bxf3 6. exf3 Nh6 7. Bg2 Nf5 8.
Be3 O-O 9. f4 Nc6 10. Ne2 e6 11. Qd2 d5 12. O-O dxc4 13. Rac1 Ncxd4 14. Nxd4
Bxd4 15. Bxd4 Nxd4 16. Rfd1 c5 17. Rxc4 Qe7 18. b4 Rad8 19. Qe1 b6 20. bxc5
bxc5 21. Rdc1 Rc8 22. h4 Rc7 23. Kh2 Rb8 24. Qe5 f6 25. Qe4 Qd6 26. Qe3 Rd8 27.
Qa3 Ne2 28. R1c2 Qd1 29. Qe3 Nd4 30. Rc1 Qh5 31. R1c3 Rd6 32. Rc1 Rd8 33. R1c3
Kf7 34. Rc1 Rdc8 35. Re1 Kg7 36. Qc3 Qf5 37. Be4 Qg4 38. Bg2 h6 39. Qe3 g5 40.
fxg5 hxg5 41. hxg5 Qxg5 42. Qxg5+ fxg5 43. Be4 Kf6 44. Kg2 Rb8 45. Re3 Rb2 46.
Ra3 Ke5 47. Ba8 g4 48. Rc1 Rb8 49. Re1+ Kd6 50. Ra6+ Rb6 51. Ra4 Rb8 52. Ra6+
Ke7 53. Bd5 Rb6 54. Ra4 Kf6 55. Bb3 e5 56. Rc1 Kf5 57. Rac4 Rb5 58. Bc2+ Kg5
59. Be4 Ra5 60. a4 Nb3 61. Rd1 Ra6 62. Rd5 Kf6 63. Bc2 Ke6 64. Rd8 Nd4 65. Bd1
Rd6 66. Bxg4+ Kd5 67. Rxd6+ Kxd6 68. Bf3 Rc8 69. Be4 Rb8 70. f4 Rb2+ 71. Kf1
exf4 72. gxf4 a5 73. f5 Rb4 74. Rxb4 cxb4 75. Kf2 Ke5 76. Ke3 Nxf5+ 77. Kd3 Nd4
78. Bg2 Nb3 79. Kc4 Nd2+ 80. Kd3 Nb1 81. Kc4 Nc3 82. Bc6 Ne4 83. Bd7 Nd6+ 84.
Kd3 Kd5 85. Bg4 Nc4 86. Bf3+ Kc5 87. Kc2 Kd4 88. Bh5 Nd6 89. Bg4 Nc4 90. Bh5
Ne3+ 91. Kd2 b3 92. Bf7 Nc4+ 93. Kc1 Kc3 94. Bg6 Na3 0-1

[Event "Porto San Giorgio op 27th"]
[Site "Porto San Giorgio"]
[Date "2016.08.23"]
[Round "4"]
[White "Rodriguez Vila, Andres"]
[Black "Roselli Mailhe, Bernardo"]
[Result "1/2-1/2"]
[WhiteElo "2498"]
[BlackElo "2442"]
[PlyCount "21"]
[EventDate "2016.08.20"]
[EventType "swiss"]
[EventRounds "9"]
[EventCountry "ITA"]
[SourceTitle "CBM 174 Extra"]
[Source "ChessBase"]
[SourceDate "2016.10.10"]
[SourceVersion "1"]
[SourceVersionDate "2016.10.10"]
[SourceQuality "1"]

1. e4 e5 2. Nf3 Nf6 3. Nxe5 d6 4. Nf3 Nxe4 5. Qe2 Qe7 6. d4 c6 7. Nbd2 Nxd2 8.
Qxe7+ Bxe7 9. Bxd2 O-O 10. Bd3 Bg4 11. O-O-O 1/2-1/2

[Event "Porto San Giorgio op 27th"]
[Site "Porto San Giorgio"]
[Date "2016.08.24"]
[Round "5"]
[White "Horvath, Csaba"]
[Black "Rodriguez Vila, Andres"]
[Result "1-0"]
[WhiteElo "2507"]
[BlackElo "2498"]
[PlyCount "59"]
[EventDate "2016.08.20"]
[EventType "swiss"]
[EventRounds "9"]
[EventCountry "ITA"]
[SourceTitle "CBM 174 Extra"]
[Source "ChessBase"]
[SourceDate "2016.10.10"]
[SourceVersion "1"]
[SourceVersionDate "2016.10.10"]
[SourceQuality "1"]

1. d4 e6 2. Nf3 c5 3. g3 cxd4 4. Nxd4 d5 5. Bg2 e5 6. Nf3 Nc6 7. O-O Bc5 8. c4
e4 9. Ng5 f5 10. cxd5 Nb4 11. Nc3 Nf6 12. Qb3 h6 13. Ne6 Bxe6 14. dxe6 Qe7 15.
Bh3 g6 16. Bf4 Nh5 17. Rad1 Nxf4 18. gxf4 Qh4 19. Nb5 Qxf4 20. Qc3 O-O 21. Qxc5
Nc6 22. Rd7 Ne5 23. Rxb7 Rfb8 24. Rxb8+ Rxb8 25. e7 Re8 26. Nc7 Ng4 27. Qc4+
Kh8 28. Qc3+ Kh7 29. Qg3 Qxg3+ 30. hxg3 1-0

[Event "Porto San Giorgio op 27th"]
[Site "Porto San Giorgio"]
[Date "2016.08.25"]
[Round "6"]
[White "Rodriguez Vila, Andres"]
[Black "Aleksic, Nenad"]
[Result "1-0"]
[WhiteElo "2498"]
[BlackElo "2330"]
[PlyCount "35"]
[EventDate "2016.08.20"]
[EventType "swiss"]
[EventRounds "9"]
[EventCountry "ITA"]
[SourceTitle "CBM 174 Extra"]
[Source "ChessBase"]
[SourceDate "2016.10.10"]
[SourceVersion "1"]
[SourceVersionDate "2016.10.10"]
[SourceQuality "1"]

1. e4 c5 2. Nf3 d6 3. d4 cxd4 4. Nxd4 Nf6 5. Nc3 a6 6. Be3 e6 7. Qf3 Nbd7 8.
Be2 Qc7 9. O-O-O Ne5 10. Qg3 Nc4 11. Bg5 b5 12. b3 Nb6 13. Bxb5+ axb5 14. Ndxb5
Qc5 15. Be3 Qc6 16. Nxd6+ Bxd6 17. Rxd6 Qxc3 18. Rd8+ 1-0

[Event "Porto San Giorgio op 27th"]
[Site "Porto San Giorgio"]
[Date "2016.08.26"]
[Round "7"]
[White "Tjiam, Dharma"]
[Black "Rodriguez Vila, Andres"]
[Result "0-1"]
[WhiteElo "2376"]
[BlackElo "2498"]
[PlyCount "58"]
[EventDate "2016.08.20"]
[EventType "swiss"]
[EventRounds "9"]
[EventCountry "ITA"]
[SourceTitle "CBM 174 Extra"]
[Source "ChessBase"]
[SourceDate "2016.10.10"]
[SourceVersion "1"]
[SourceVersionDate "2016.10.10"]
[SourceQuality "1"]

1. d4 Nf6 2. c4 g6 3. Nc3 Bg7 4. e4 O-O 5. Be2 d6 6. Bg5 Na6 7. Qd2 c5 8. d5
Rb8 9. h3 Nc7 10. a4 e6 11. Nf3 exd5 12. exd5 Bf5 13. O-O Re8 14. Rfe1 Na6 15.
Nh4 Bd7 16. Qf4 Nb4 17. Rac1 h6 18. Bxh6 Nh5 19. Bxh5 Bxh6 20. Qg3 Bxc1 21.
Rxc1 Qf6 22. Be2 Bxa4 23. Nf3 Rxe2 24. Nxe2 Qxb2 25. Nh4 Re8 26. Qxd6 Rxe2 27.
Rf1 Qd4 28. Qb8+ Kg7 29. Qg3 Bd7 0-1

[Event "Porto San Giorgio op 27th"]
[Site "Porto San Giorgio"]
[Date "2016.08.27"]
[Round "8"]
[White "Rodriguez Vila, Andres"]
[Black "De Haan, Eric"]
[Result "1/2-1/2"]
[WhiteElo "2498"]
[BlackElo "2355"]
[PlyCount "136"]
[EventDate "2016.08.20"]
[EventType "swiss"]
[EventRounds "9"]
[EventCountry "ITA"]
[SourceTitle "CBM 174 Extra"]
[Source "ChessBase"]
[SourceDate "2016.10.10"]
[SourceVersion "1"]
[SourceVersionDate "2016.10.10"]
[SourceQuality "1"]

1. e4 c5 2. Nc3 Nc6 3. Nge2 e6 4. d4 cxd4 5. Nxd4 Qc7 6. Ndb5 Qb8 7. Be3 a6 8.
Bb6 axb5 9. Nxb5 Bb4+ 10. c3 Ba5 11. Nc7+ Qxc7 12. Bxc7 Bxc7 13. Qg4 Be5 14. f4
Nf6 15. Qf3 Bc7 16. Bd3 d6 17. O-O h5 18. a4 e5 19. f5 b6 20. Bb5 Bb7 21. Qe2
Rc8 22. Ba6 Bxa6 23. Qxa6 O-O 24. Rad1 Ne7 25. Qb7 Rfd8 26. Kh1 Ne8 27. Qa6 Nf6
28. Rfe1 Ra8 29. Qc4 Rdc8 30. Qb3 Kf8 31. Qc2 Kg8 32. Rd3 d5 33. exd5 Nexd5 34.
Red1 Nf4 35. Re3 e4 36. Rxe4 Nxe4 37. Qxe4 Re8 38. Qc4 Rad8 39. Rxd8 Rxd8 40.
Kg1 Be5 41. g3 Nd5 42. Qe2 Bd6 43. Qxh5 Bc5+ 44. Kg2 Ne3+ 45. Kf3 Rd5 46. b4
Rxf5+ 47. Qxf5 Nxf5 48. bxc5 bxc5 49. a5 Nd6 50. a6 Nc8 51. Ke4 Kf8 52. Kd5 Ke7
53. Kc6 Kd8 54. c4 Na7+ 55. Kb6 f5 56. h4 g6 57. Kxc5 Kc7 58. Kd5 Nc6 59. a7
Nxa7 60. Ke6 Nc6 61. Kf6 Kd6 62. Kxg6 Ke6 63. c5 Ne7+ 64. Kg5 Kf7 65. h5 Kg7
66. h6+ Kf7 67. c6 Nxc6 68. Kxf5 Ne7+ 1/2-1/2

[Event "Porto San Giorgio op 27th"]
[Site "Porto San Giorgio"]
[Date "2016.08.28"]
[Round "9"]
[White "Klip, Hans"]
[Black "Rodriguez Vila, Andres"]
[Result "1/2-1/2"]
[WhiteElo "2346"]
[BlackElo "2498"]
[PlyCount "27"]
[EventDate "2016.08.20"]
[EventType "swiss"]
[EventRounds "9"]
[EventCountry "ITA"]
[SourceTitle "CBM 174 Extra"]
[Source "ChessBase"]
[SourceDate "2016.10.10"]
[SourceVersion "1"]
[SourceVersionDate "2016.10.10"]
[SourceQuality "1"]

1. e4 e6 2. d4 d5 3. Nc3 Bb4 4. Nge2 dxe4 5. a3 Bxc3+ 6. Nxc3 Nc6 7. d5 exd5 8.
Qxd5 Be6 9. Qxe4 Nf6 10. Qh4 Qd4 11. Bg5 Qe5+ 12. Be2 Nd4 13. O-O-O O-O-O 14.
Bd3 1/2-1/2

[Event "ARG-chT"]
[Site "Villa Martelli"]
[Date "2016.09.24"]
[Round "1.4"]
[White "Fell, Sebastian"]
[Black "Rodriguez Vila, Andres"]
[Result "1-0"]
[WhiteElo "2255"]
[BlackElo "2453"]
[PlyCount "131"]
[EventDate "2016.09.24"]
[EventType "team-swiss"]
[EventRounds "9"]
[EventCountry "ARG"]
[SourceTitle "EXT 2017"]
[Source "ChessBase"]
[SourceDate "2016.10.25"]
[SourceVersion "1"]
[SourceVersionDate "2016.10.25"]
[SourceQuality "1"]
[WhiteTeam "Club Argentino"]
[BlackTeam "Republica Martelli"]
[WhiteTeamCountry "ARG"]
[BlackTeamCountry "ARG"]

1. e4 d6 2. d4 Nf6 3. Nc3 g6 4. f4 Bg7 5. Nf3 O-O 6. Bd3 Na6 7. O-O c5 8. d5
Rb8 9. Kh1 Bg4 10. h3 Bxf3 11. Qxf3 Qd7 12. Bb5 Qc8 13. Bc4 Nb4 14. Qe2 Nh5 15.
Kh2 e5 16. a3 exf4 17. axb4 cxb4 18. Nd1 Ng3 19. Qd3 Nxf1+ 20. Qxf1 Be5 21. Bd3
g5 22. Qf3 Qc5 23. Nf2 Kg7 24. Bd2 f6 25. Rf1 a5 26. Qh5 Qc7 27. Ng4 Qf7 28.
Qh6+ Kh8 29. Nxe5 dxe5 30. c3 b3 31. Ra1 b6 32. Ra3 Rg8 33. Be2 Rbd8 34. Bg4
Rd6 35. Rxb3 Rg6 36. Qh5 Kg7 37. Bf5 g4 38. Bxg4 Qc7 39. c4 Kh8 40. c5 bxc5 41.
Bxa5 Qa7 42. Bf5 Rg7 43. Be6 Rg6 44. Bc3 Rd8 45. Ra3 Qg7 46. Bg4 Rg8 47. d6 Rg5
48. Qh4 Qb7 49. Ra4 h5 50. d7 Kg7 51. Bxh5 Qxd7 52. Ra6 Rh8 53. Qxg5+ fxg5 54.
Bxe5+ Kf8 55. Bxh8 Qd3 56. Ra8+ Ke7 57. Bc3 g4 58. Bxg4 Qxe4 59. Bf3 Qe3 60. h4
Qf2 61. h5 Kd7 62. Rh8 c4 63. h6 Qg3+ 64. Kg1 Qh4 65. h7 Kd6 66. Rd8+ 1-0

[Event "ARG-chT"]
[Site "Villa Martelli"]
[Date "2016.10.01"]
[Round "2.4"]
[White "Rodriguez Vila, Andres"]
[Black "Flores, Diego"]
[Result "0-1"]
[WhiteElo "2453"]
[BlackElo "2595"]
[PlyCount "68"]
[EventDate "2016.09.24"]
[EventType "team-swiss"]
[EventRounds "9"]
[EventCountry "ARG"]
[SourceTitle "EXT 2017"]
[Source "ChessBase"]
[SourceDate "2016.10.25"]
[SourceVersion "1"]
[SourceVersionDate "2016.10.25"]
[SourceQuality "1"]
[WhiteTeam "Republica Martelli"]
[BlackTeam "Boca Juniors"]
[WhiteTeamCountry "ARG"]
[BlackTeamCountry "ARG"]

1. e4 c5 2. Nf3 e6 3. d4 cxd4 4. Nxd4 a6 5. Be3 Nf6 6. Nc3 Bb4 7. Bd3 d6 8. O-O
Bxc3 9. bxc3 e5 10. Nf5 Bxf5 11. exf5 Nbd7 12. c4 Qc7 13. Rb1 O-O 14. Qf3 b5
15. cxb5 axb5 16. Bxb5 Rxa2 17. c4 h6 18. Ra1 Rxa1 19. Rxa1 Nc5 20. Qg3 Nce4
21. Qh4 Rb8 22. f3 Ng5 23. Ra7 Qc8 24. f4 Nge4 25. Ra1 Qxf5 26. h3 Nc3 27. Qe1
Nxb5 28. Qb1 Qe4 29. Qb3 Rc8 30. cxb5 Rc2 31. Bf2 Rxf2 32. Kxf2 Qd4+ 33. Kf3
Qxa1 34. b6 Qf1+ 0-1